01364nam a2200361Ic 450000100060000000300100000600500170001600700030003300800410003602000170007702000180009404000350011204100080014708200140015510000330016924500940020225000220029626400430031830000680036133600270042933700330045633800280048949000170051750000550053450000640058952100380065365000510069165000560074265000460079894200120084499900170085695201290087359131CO-BoRNBP20250911155811.0ta180815s2016 ck a g 000 0 spa  a9584242326 / a9789584242327 aCO-BoRNBPbspaerdacCO-BoRNBP aspa04a462bO77p aOrtega, Virgilioeaut96486310aPalabralogía :bun apasionante viaje por el origen de las palabras /cVirgilio Ortega. aPrimera edición 1aBogotá, Colombia :bCrítica,c2016 a317 páginas :bilustraciones, fotografías en blanco y negro atextobtxt2rdacontent asin mediaciónbn2rdamedia avolumenbnc2rdacarrier0 aAres y Mares aIncluye datos biográficos del autor en la solapa aIncluye índice alfabético de términos, bibliografía aRecomendado para público adulto07aEspañolxHistoriaxEtimología2LEMB96234607aEspañolxHistoriaxPalabras y frases2LEMB96234707aLenguaje y lenguasxHistoria2LEMB964864 2ddccBK c59131d59131 00102ddc40708GENaMEMAPJGAbMEMAPJGAcGENd2025-09-11l0o462 O77ppMPJG00725r2025-09-11 15:58:34tEj.1w2025-09-11yBK